Ejection and accretion of matter in binary systems (Record no. 7271)

MARC details
000 -LEADER
fixed length control field 00965nam a2200205Ia 4500
003 - CONTROL NUMBER IDENTIFIER
control field IN-BaIIA
008 - FIXED-LENGTH DATA ELEMENTS--GENERAL INFORMATION
fixed length control field 211028s9999 xx 000 0 eng d
040 ## - CATALOGING SOURCE
Transcribing agency IIA Library
080 ## - UNIVERSAL DECIMAL CLASSIFICATION NUMBER
Universal Decimal Classification number 524.382
Item number EJE
111 ## - MAIN ENTRY--MEETING NAME
Meeting name or jurisdiction name as entry element Meeting on Ejection and Accretion of Matter in Binary System
Date of meeting or treaty signing 1980 Apr. 22-24
9 (RLIN) 12433
245 #0 - TITLE STATEMENT
Title Ejection and accretion of matter in binary systems
Remainder of title proceedings of the meeting Ejection and accretion of matter in binary system, held April 22-24, 1980 at the Astronomical Institute of the Slovak Academy of Sciences in Tatranska Lomnica, Czechoslovakia.
Statement of responsibility, etc. edited by J. Tremko
260 ## - PUBLICATION, DISTRIBUTION, ETC.
Place of publication, distribution, etc. Bratislava
Name of publisher, distributor, etc. Veda Publishing House
Date of publication, distribution, etc. 1982
300 ## - PHYSICAL DESCRIPTION
Extent 123p.
650 ## - SUBJECT ADDED ENTRY--TOPICAL TERM
Topical term or geographic name entry element Astronomy and astrophysics thesaurus
650 ## - SUBJECT ADDED ENTRY--TOPICAL TERM
Topical term or geographic name entry element Binary stars
9 (RLIN) 1185
650 ## - SUBJECT ADDED ENTRY--TOPICAL TERM
Topical term or geographic name entry element Double galaxies
9 (RLIN) 1252
700 ## - ADDED ENTRY--PERSONAL NAME
Personal name Tremko, J., ed.
9 (RLIN) 12434
710 ## - ADDED ENTRY--CORPORATE NAME
Corporate name or jurisdiction name as entry element Astronomical Institute of the Slovak Academy of Sciences
9 (RLIN) 12435
942 ## - ADDED ENTRY ELEMENTS (KOHA)
Koha item type Books
Holdings
Withdrawn status Lost status Damaged status Not for loan Home library Current library Shelving location Date acquired Total Checkouts Full call number Barcode Date last seen Price effective from Koha item type
        IIA Library-Bangalore IIA Library-Bangalore General Stacks 12/01/1983   524.382/ EJE 8073 05/11/2021 12/01/1983 Books

Powered by Koha